Statistiques concernant Les 10 meilleurs joueurs de foot 2016

Cliquez ici pour prendre le quiz!

Statistiques générales

  • Ce quiz a été pris 2 398 fois
  • Le résultat moyen est 5 sur 10

Statistiques - réponses

HintRéponse% Correct
1messi
99%
2ronaldo
99%
3griezmann
76%
4suarez
63%
5bale
50%
6neuer
36%
7kroos
27%
8muller
21%
10buffon
15%
9pepe
13%

Distribution des résultats

Percentile par nombre de réponses

% des personnes avec chaque résultat

Votre développement - résultats

Vous n’avez pas pris ce quiz